| 000 | 00410nam a22001337a 4500 | ||
|---|---|---|---|
| 008 | 160804b xxu||||| |||| 00| 0 eng d | ||
| 050 | _aJC599.K4 A37 1991 | ||
| 245 |
_aKenya _btaking liberties _cAfrica watch report |
||
| 260 |
_aNew York _bHuman Rights Watch _c1991 |
||
| 300 |
_axiii, 432p. ; _c23cm. |
||
| 650 |
_aCivil rights _zKenya _924649 |
||
| 650 |
_aHuman rights _zKenya _924650 |
||
| 942 |
_2lcc _cMONOGRAPH |
||
| 999 |
_c124865 _d124865 |
||